000
00294nam a22001337a 4500
008
181016b xxu||||| |||| 00| 0 eng d
020
_a
9780632029341
041
_a
eng
080
_a
617
100
_a
5
101
_a
Kir
245
_a
Lparoscopi Biliary Surgery
_c
Berci.G
942
_2
udc
_c
BK
999
_c
49939
_d
49939